000 00533nam a22001937a 4500
003 KOHA_MİRAKIL
005 20251114124104.0
008 251114b tu ||||| |||| 00| 0 tur d
020 _a9786059679442
040 _aTR-AnABB
_btur
_cTR-AnABB
041 _atur
082 _a813.42
_bDUR 2016
100 1 _aDurmaz, Nuran,
245 1 0 _aSalyangozun yolculuğu /
_cNuran Durmaz
260 _aAnkara :
_bNotaBene Yayınları,
_c2020
300 _a149 sayfa ;
_c20 cm
650 0 4 _aTürk edebiyatı, roman
942 _2ddc
_cBK
999 _c9391
_d9391
900 _bGizem YORULMAZ